[Event "27. Open Ciutat de Montcada 2014"]
[Site "Montcada i Reixac ESP"]
[Date "2014.07.03"]
[Round "9.5"]
[White "Cruz, Filemon"]
[Black "Vasquez Schroeder, Rodrigo"]
[Result "0-1"]
[WhiteElo "2412"]
[BlackElo "2551"]
[PlyCount "112"]
[EventDate "2014.06.25"]
[EventType "swiss"]
[EventRounds "9"]
[EventCountry "ESP"]
[Source "lmi"]
[SourceDate "2014.06.25"]

1. Nf3 Nf6 2. c4 e6 3. Nc3 d5 4. e3 c5 5. d4 cxd4 6. exd4 Bb4 7. Bd3 dxc4 8.
Bxc4 O-O 9. O-O a6 10. Bg5 b5 11. Bd3 Bb7 12. Qe2 Nbd7 13. Rac1 Be7 14. Rfe1
Rc8 15. Rcd1 b4 16. Nb1 Qa5 17. Nbd2 Qxa2 18. Nc4 Bxf3 19. Qxf3 Rxc4 20. Ra1
Qxb2 21. Bxc4 Qxd4 22. Bxa6 Qb6 23. Bd3 Nc5 24. Bc4 Ncd7 25. Be3 Bc5 26. Ra6
Qc7 27. Bxc5 Qxc5 28. Rc6 Qa7 29. Qd1 Nb8 30. Rd6 Qc7 31. Rd4 Nc6 32. Rd2 Ne7
33. Bb3 Ned5 34. h3 Qc5 35. Rd4 g6 36. Rc4 Qb6 37. Qd2 Rd8 38. Qg5 Kg7 39. Rh4
h5 40. Rd1 Nc3 41. Rxd8 Qxd8 42. Rxh5 Kg8 43. Rh4 Ne2+ 44. Kh2 Nd4 45. Rf4 Kg7
46. h4 Ne2 47. Rf3 Qd4 48. Bd1 Ng4+ 49. Kh3 Ng1+ 50. Kg3 Nxf3 51. Bxf3 Nh6 52.
h5 Nf5+ 53. Kh3 Qxf2 54. hxg6 fxg6 55. Qf4 Kf6 56. Kh2 Kg7 0-1

[Event "27. Open Ciutat de Montcada 2014"]
[Site "Montcada i Reixac ESP"]
[Date "2014.07.03"]
[Round "9.6"]
[White "Gomez Garrido, Camilo Ernesto"]
[Black "Das, Sayantan"]
[Result "1/2-1/2"]
[WhiteElo "2495"]
[BlackElo "2352"]
[PlyCount "87"]
[EventDate "2014.06.25"]
[EventType "swiss"]
[EventRounds "9"]
[EventCountry "ESP"]
[Source "lmi"]
[SourceDate "2014.06.25"]

1. e4 e6 2. d4 d5 3. Nd2 c5 4. Ngf3 cxd4 5. exd5 Qxd5 6. Bc4 Qd6 7. O-O Nf6 8.
Nb3 Nc6 9. Nbxd4 Nxd4 10. Nxd4 a6 11. b3 Qc7 12. Bb2 Bd6 13. h3 O-O 14. Re1 b5
15. Bd3 Bb7 16. c4 bxc4 17. Bxc4 Rfd8 18. Qc2 Qc5 19. Qe2 Qg5 20. Nf3 Qf4 21.
Qe3 Nd5 22. Qd4 Qh6 23. Qg4 Nf6 24. Qg5 Qxg5 25. Nxg5 h6 26. Nf3 Nh5 27. Red1
Nf6 28. Be5 Bc5 29. Kf1 Nd5 30. Ne1 g5 31. Nc2 Rac8 32. Bd4 Bxd4 33. Rxd4 Nf4
34. Rxd8+ Rxd8 35. Ne3 Rd2 36. a4 Rb2 37. Rd1 Kf8 38. Kg1 Ke7 39. Re1 h5 40.
Rd1 f5 41. Re1 Kf6 42. Rd1 Ke7 43. Re1 Kf6 44. Rd1 1/2-1/2

[Event "27. Open Ciutat de Montcada 2014"]
[Site "Montcada i Reixac ESP"]
[Date "2014.07.03"]
[Round "9.7"]
[White "Cori T., Deysi"]
[Black "Peralta, Fernando"]
[Result "1/2-1/2"]
[WhiteElo "2414"]
[BlackElo "2596"]
[PlyCount "116"]
[EventDate "2014.06.25"]
[EventType "swiss"]
[EventRounds "9"]
[EventCountry "ESP"]
[Source "lmi"]
[SourceDate "2014.06.25"]

1. d4 d6 2. Nf3 g6 3. g3 Bg7 4. Bg2 Nd7 5. a4 a5 6. Nc3 Ngf6 7. O-O O-O 8. Bg5
h6 9. Bd2 e5 10. Qc1 Kh7 11. dxe5 dxe5 12. Rd1 Qe7 13. Be3 c6 14. Nd2 Ng4 15.
Nc4 f5 16. Bh3 Nxe3 17. Qxe3 e4 18. Nd6 Nf6 19. Qc5 Nd7 20. Qe3 Ne5 21. Qc5 Qg5
22. Bg2 h5 23. f4 exf3 24. exf3 Qe7 25. Qe3 Be6 26. f4 Ng4 27. Qc5 Rad8 28. h3
Nf6 29. Nde4 Qxc5+ 30. Nxc5 Bc8 31. Nb3 h4 32. Ne2 Nh5 33. gxh4 Bxb2 34. Rxd8
Rxd8 35. Rb1 Bf6 36. Nxa5 Rd2 37. Bf3 Rxc2 38. Nxb7 Bxh4 39. Nd6 Ba6 40. Bxh5
gxh5 41. Nxf5 Bf6 42. Ned4 Rc4 43. Rb6 Bc8 44. Rb8 Bxf5 45. Nxf5 Rxf4 46. Ng3
h4 47. Ne2 Rxa4 48. Kf2 c5 49. Rc8 c4 50. Kf3 Ra3+ 51. Kg4 Re3 52. Nf4 c3 53.
Kf5 Bg7 54. Rc7 Rg3 55. Nh5 Rg6 56. Nxg7 Rxg7 57. Rxc3 Rg3 58. Rc4 Rxh3 1/2-1/2

[Event "27. Open Ciutat de Montcada 2014"]
[Site "Montcada i Reixac ESP"]
[Date "2014.07.03"]
[Round "9.8"]
[White "Grigoryan, Karen H"]
[Black "Teh, Eu Wen Aron"]
[Result "1-0"]
[WhiteElo "2577"]
[BlackElo "2228"]
[PlyCount "51"]
[EventDate "2014.06.25"]
[EventType "swiss"]
[EventRounds "9"]
[EventCountry "ESP"]
[Source "lmi"]
[SourceDate "2014.06.25"]

1. g3 Nf6 2. Bg2 e6 3. e4 d5 4. e5 Nfd7 5. d4 c5 6. c3 Nc6 7. Ne2 f6 8. Nf4 Qe7
9. exf6 Nxf6 10. O-O Bd7 11. Re1 O-O-O 12. Nxd5 Nxd5 13. Bxd5 cxd4 14. cxd4 Qf6
15. Bg2 Qxd4 16. Qe2 Bb4 17. Be3 Qf6 18. Nc3 Kb8 19. Ne4 Qg6 20. Rec1 e5 21.
Rc4 Be6 22. Rxc6 bxc6 23. Qa6 Rd7 24. Qxc6 Rc8 25. Qb5+ Rb7 26. Nc5 1-0

[Event "27. Open Ciutat de Montcada 2014"]
[Site "Montcada i Reixac ESP"]
[Date "2014.07.03"]
[Round "9.9"]
[White "Cruz, Cristhian"]
[Black "Perpinya Rofes, Lluis Maria"]
[Result "1/2-1/2"]
[WhiteElo "2563"]
[BlackElo "2400"]
[PlyCount "20"]
[EventDate "2014.06.25"]
[EventType "swiss"]
[EventRounds "9"]
[EventCountry "ESP"]
[Source "lmi"]
[SourceDate "2014.06.25"]

1. c4 g6 2. g3 Bg7 3. Bg2 Nc6 4. Nc3 d6 5. d3 e5 6. e4 Nge7 7. Nge2 O-O 8. O-O
f5 9. Be3 Nd4 10. f4 exf4 1/2-1/2

[Event "27. Open Ciutat de Montcada 2014"]
[Site "Montcada i Reixac ESP"]
[Date "2014.07.03"]
[Round "9.10"]
[White "Movsziszian, Karen"]
[Black "Sagar, Shah"]
[Result "1-0"]
[WhiteElo "2520"]
[BlackElo "2309"]
[PlyCount "77"]
[EventDate "2014.06.25"]
[EventType "swiss"]
[EventRounds "9"]
[EventCountry "ESP"]
[Source "lmi"]
[SourceDate "2014.06.25"]

1. g3 d5 2. Bg2 Nf6 3. d3 g6 4. Nf3 Bg7 5. O-O O-O 6. c3 c5 7. Nbd2 Nc6 8. e4
e6 9. e5 Nd7 10. d4 cxd4 11. cxd4 f6 12. exf6 Nxf6 13. Nb3 Ne4 14. Be3 b6 15.
Rc1 Qd6 16. Nbd2 Bb7 17. h4 Rad8 18. h5 e5 19. h6 Bf6 20. dxe5 Nxe5 21. Bf4 Qe7
22. Qa4 Ba8 23. Nxe5 Bxe5 24. Bxe5 Nxd2 25. Rfe1 Ne4 26. Bd4 Qd7 27. Qb3 Rf7
28. Qe3 Qf5 29. Re2 Rdf8 30. Rec2 Nd6 31. Rc7 Nc4 32. Rxf7 Qxf7 33. Rxc4 Re8
34. Qg5 dxc4 35. Bxa8 Rxa8 36. Qe5 Qd7 37. Qh8+ Kf7 38. Qxh7+ Ke6 39. Qxd7+ 1-0

[Event "27. Open Ciutat de Montcada 2014"]
[Site "Montcada i Reixac ESP"]
[Date "2014.07.03"]
[Round "9.11"]
[White "Palit, Somak"]
[Black "Vishnu, Prasanna. V"]
[Result "0-1"]
[WhiteElo "2411"]
[BlackElo "2459"]
[PlyCount "112"]
[EventDate "2014.06.25"]
[EventType "swiss"]
[EventRounds "9"]
[EventCountry "ESP"]
[Source "lmi"]
[SourceDate "2014.06.25"]

1. e4 c5 2. Nf3 d6 3. c3 Nf6 4. h3 Nc6 5. Bd3 g6 6. Bc2 Bg7 7. O-O e5 8. d4
exd4 9. cxd4 O-O 10. Be3 d5 11. e5 Nd7 12. Re1 cxd4 13. Bxd4 Re8 14. Ba4 Nb6
15. Bxb6 axb6 16. Nc3 Be6 17. Nd4 Bd7 18. f4 Qh4 19. Nxd5 Rad8 20. Nf3 Qg3 21.
Nf6+ Bxf6 22. exf6 Be6 23. Qe2 Qxf4 24. Bxc6 bxc6 25. Qe5 Qxe5 26. Nxe5 Rd6 27.
a3 h5 28. Nc4 Rd4 29. Rac1 c5 30. Rc2 Red8 31. Ne5 Kh7 32. Rf2 Kh6 33. Kh2 Rd2
34. Ree2 Rxe2 35. Rxe2 g5 36. g4 h4 37. Nf3 Rd3 38. Ne5 Rd1 39. Kg2 b5 40. Kf2
Rh1 41. Nf3 Kg6 42. Re5 Kxf6 43. Rxc5 Rxh3 44. Rxb5 Bxg4 45. Nxg5 Rh2+ 46. Kg1
Re2 47. Nh7+ Ke7 48. Rb7+ Ke6 49. Rb6+ Ke5 50. Rh6 Kf4 51. Rf6+ Kg3 52. Kf1
Rxb2 53. Ke1 Re2+ 54. Kf1 Rd2 55. Kg1 h3 56. Kf1 h2 0-1

[Event "27. Open Ciutat de Montcada 2014"]
[Site "Montcada i Reixac ESP"]
[Date "2014.07.03"]
[Round "9.12"]
[White "Munoz Pantoja, Miguel"]
[Black "Martinez Romero, Martin"]
[Result "1/2-1/2"]
[WhiteElo "2457"]
[BlackElo "2401"]
[PlyCount "82"]
[EventDate "2014.06.25"]
[EventType "swiss"]
[EventRounds "9"]
[EventCountry "ESP"]
[Source "lmi"]
[SourceDate "2014.06.25"]

1. e4 c5 2. Nf3 Nc6 3. d4 cxd4 4. Nxd4 Nf6 5. Nxc6 bxc6 6. Bd3 e5 7. O-O Be7 8.
c4 O-O 9. Nc3 d6 10. f3 Be6 11. Be3 Nd7 12. Qd2 a5 13. b3 Nc5 14. Be2 f5 15.
exf5 Bxf5 16. Rad1 Ne6 17. Bd3 Bxd3 18. Qxd3 Qc7 19. Kh1 Rad8 20. Na4 Rb8 21.
Qe4 Kh8 22. f4 Nxf4 23. Bxf4 exf4 24. Rxf4 Rxf4 25. Qxf4 Rf8 26. Qg3 Bf6 27. c5
Be5 28. cxd6 Qxd6 29. Qe1 Qf6 30. Nc5 Qf4 31. Qg1 Qg4 32. h3 Qg3 33. Nd7 Re8
34. Nxe5 Qxe5 35. Qb6 Qe2 36. Rc1 Qxa2 37. Qxc6 Qe2 38. Ra1 h6 39. Qc3 Re5 40.
Rxa5 Rxa5 41. Qxa5 Qd1+ 1/2-1/2

[Event "27. Open Ciutat de Montcada 2014"]
[Site "Montcada i Reixac ESP"]
[Date "2014.07.03"]
[Round "9.13"]
[White "Sanchez Enriquez, Oscar Gerard"]
[Black "Panelo, Marcelo"]
[Result "0-1"]
[WhiteElo "2401"]
[BlackElo "2448"]
[PlyCount "136"]
[EventDate "2014.06.25"]
[EventType "swiss"]
[EventRounds "9"]
[EventCountry "ESP"]
[Source "lmi"]
[SourceDate "2014.06.25"]

1. d4 Nf6 2. Nf3 d5 3. c4 c6 4. Nc3 e6 5. g3 dxc4 6. Bg2 b5 7. O-O Bb7 8. Ne5
Nd5 9. a4 a6 10. e4 Nxc3 11. bxc3 Nd7 12. f4 Be7 13. Ng4 c5 14. d5 Qc7 15. axb5
axb5 16. Rxa8+ Bxa8 17. e5 exd5 18. Bxd5 O-O 19. f5 Nxe5 20. Bxa8 Nxg4 21. Qxg4
Rxa8 22. f6 Bf8 23. fxg7 Bxg7 24. Bh6 f6 25. Rd1 Qe7 26. Bxg7 Qxg7 27. Qe6+ Qf7
28. Qc6 Qe8 29. Qxc5 Qe4 30. Rf1 Ra2 31. Rf2 Ra1+ 32. Rf1 Rxf1+ 33. Kxf1 Qh1+
34. Kf2 Qxh2+ 35. Kf3 Qh1+ 36. Kf2 Qh2+ 37. Kf3 Qh1+ 38. Kf2 Qb7 39. Qd6 Kg7
40. Ke3 Kg6 41. Qe6 Qa7+ 42. Kf3 Qc5 43. g4 Kg7 44. Qd7+ Kh6 45. Qf7 Qc6+ 46.
Kg3 Qd6+ 47. Kh3 Kg5 48. Qh5+ Kf4 49. Qf5+ Ke3 50. Qxb5 Qd3 51. Qb2 Kf4+ 52.
Kh2 Qg3+ 53. Kh1 Qh3+ 54. Kg1 Qxg4+ 55. Kf1 Qf3+ 56. Kg1 Kg4 57. Kh2 Qg3+ 58.
Kh1 h5 59. Qd2 Qf3+ 60. Kg1 Qg3+ 61. Kh1 Qf3+ 62. Kg1 h4 63. Qd7+ Kg3 64. Qd2
h3 65. Qg5+ Qg4 66. Qe3+ Kh4+ 67. Kf2 Qg2+ 68. Ke1 Qg3+ 0-1

[Event "27. Open Ciutat de Montcada 2014"]
[Site "Montcada i Reixac ESP"]
[Date "2014.07.03"]
[Round "9.15"]
[White "Moreno Ruiz, Javier"]
[Black "Akshat, Khamparia"]
[Result "1-0"]
[WhiteElo "2486"]
[BlackElo "2367"]
[PlyCount "111"]
[EventDate "2014.06.25"]
[EventType "swiss"]
[EventRounds "9"]
[EventCountry "ESP"]
[Source "lmi"]
[SourceDate "2014.06.25"]

1. d4 g6 2. c4 Bg7 3. e4 d6 4. Nc3 Nf6 5. Be2 O-O 6. Nf3 Bg4 7. Be3 Nfd7 8. Ng1
Bxe2 9. Ngxe2 e5 10. O-O Nc6 11. f3 exd4 12. Nxd4 Nde5 13. Nxc6 bxc6 14. Qe2
Qb8 15. f4 Nd7 16. Rad1 Qb4 17. Bd4 Nb6 18. Bxg7 Kxg7 19. f5 f6 20. Rd4 Rae8
21. Qc2 Re5 22. b3 Qc5 23. Qf2 gxf5 24. exf5 Rxf5 25. Rg4+ Kf7 26. Qxc5 Rxf1+
27. Kxf1 dxc5 28. Rh4 Kg6 29. Ne2 Rf7 30. Nf4+ Kf5 31. g3 Nd7 32. Nd3 Re7 33.
Nxc5 Ne5 34. Rf4+ Kg6 35. Kf2 f5 36. h3 h5 37. Rd4 Kg5 38. Rd8 Ng6 39. h4+ Kf6
40. Nd3 Re4 41. Kf3 c5 42. Rd5 Rd4 43. Nxc5 Ne5+ 44. Kf2 Ng4+ 45. Ke2 Rxd5 46.
cxd5 Ke5 47. Na6 Kd6 48. Kf3 Nf6 49. Kf4 Ne4 50. a3 Kxd5 51. Nxc7+ Kc6 52. Ne6
Kd5 53. Ng7 Kd4 54. Nxh5 Kc3 55. Kxf5 Nd6+ 56. Ke6 1-0

[Event "27. Open Ciutat de Montcada 2014"]
[Site "Montcada i Reixac ESP"]
[Date "2014.07.03"]
[Round "9.16"]
[White "Arun Prasad, S."]
[Black "Vehi Bach, Victor Manuel"]
[Result "1-0"]
[WhiteElo "2472"]
[BlackElo "2313"]
[PlyCount "63"]
[EventDate "2014.06.25"]
[EventType "swiss"]
[EventRounds "9"]
[EventCountry "ESP"]
[Source "lmi"]
[SourceDate "2014.06.25"]

1. e4 c5 2. Nf3 e6 3. d4 cxd4 4. Nxd4 Nf6 5. Nc3 d6 6. Be3 Be7 7. f3 Nc6 8. Qd2
a6 9. O-O-O O-O 10. g4 Nd7 11. h4 Nde5 12. Qf2 Bd7 13. Nxc6 bxc6 14. Qg3 c5 15.
g5 Qb6 16. f4 Nc6 17. Kb1 Rfb8 18. Bc1 Nd4 19. h5 Ra7 20. g6 fxg6 21. hxg6 h6
22. b3 Bf8 23. f5 Qd8 24. Ne2 Nxe2 25. Bxe2 Bb5 26. Bg5 Qe8 27. Bxb5 axb5 28.
Bxh6 gxh6 29. f6 Qd8 30. f7+ Kg7 31. Rxh6 Kxh6 32. g7 1-0

[Event "27. Open Ciutat de Montcada 2014"]
[Site "Montcada i Reixac ESP"]
[Date "2014.07.03"]
[Round "9.17"]
[White "Escobar Forero, Alder"]
[Black "Cortes Orihuela, Javier"]
[Result "1-0"]
[WhiteElo "2445"]
[BlackElo "2155"]
[PlyCount "59"]
[EventDate "2014.06.25"]
[EventType "swiss"]
[EventRounds "9"]
[EventCountry "ESP"]
[Source "lmi"]
[SourceDate "2014.06.25"]

1. e4 c5 2. c4 Nc6 3. Nf3 d6 4. d4 Bg4 5. d5 Nd4 6. Be3 Nxf3+ 7. gxf3 Bd7 8.
Nc3 g6 9. h4 Bg7 10. Qd2 Qa5 11. Rc1 a6 12. a3 Rb8 13. b4 Qxa3 14. bxc5 dxc5
15. Bf4 Rc8 16. e5 Qa5 17. Bd3 b5 18. Ke2 b4 19. Ne4 Qb6 20. h5 a5 21. h6 Bf8
22. Qb2 e6 23. d6 a4 24. Be3 Qa5 25. Ra1 Ne7 26. dxe7 Bxe7 27. Nd6+ Kd8 28.
Nb7+ Kc7 29. Nxa5 Ra8 30. Nb3 1-0

[Event "27. Open Ciutat de Montcada 2014"]
[Site "Montcada i Reixac ESP"]
[Date "2014.07.03"]
[Round "9.18"]
[White "Ramirez Garcia, Jorge Alberto"]
[Black "Alarcon Casellas, Rolando"]
[Result "0-1"]
[WhiteElo "2287"]
[BlackElo "2378"]
[PlyCount "66"]
[EventDate "2014.06.25"]
[EventType "swiss"]
[EventRounds "9"]
[EventCountry "ESP"]
[Source "lmi"]
[SourceDate "2014.06.25"]

1. e4 e6 2. d4 d5 3. Nc3 Nf6 4. exd5 exd5 5. Bg5 Be7 6. Bd3 Bg4 7. Nge2 Bh5 8.
O-O Nbd7 9. Re1 O-O 10. Qd2 Bg6 11. Bxg6 hxg6 12. Nf4 c6 13. Re3 Bd6 14. Bxf6
gxf6 15. Rh3 Re8 16. Nfxd5 Bf8 17. Qf4 cxd5 18. Qh4 Bg7 19. Qh7+ Kf8 20. Nxd5
Qa5 21. Ne3 f5 22. c3 Nf6 23. Qh4 Re4 24. Qg3 Rae8 25. a3 Ng8 26. Nf1 Qb5 27.
b4 Bh6 28. Rxh6 Re1 29. Rxe1 Rxe1 30. Qd6+ Kg7 31. Rxg6+ fxg6 32. Qc7+ Ne7 33.
c4 Qc6 0-1

[Event "27. Open Ciutat de Montcada 2014"]
[Site "Montcada i Reixac ESP"]
[Date "2014.07.03"]
[Round "9.19"]
[White "Raghavi, N."]
[Black "Ruiz C, Joshua D"]
[Result "0-1"]
[WhiteElo "2227"]
[BlackElo "2387"]
[PlyCount "68"]
[EventDate "2014.06.25"]
[EventType "swiss"]
[EventRounds "9"]
[EventCountry "ESP"]
[Source "lmi"]
[SourceDate "2014.06.25"]

1. e4 c5 2. Nf3 d6 3. d4 cxd4 4. Qxd4 Nc6 5. Bb5 Bd7 6. Bxc6 Bxc6 7. Nc3 e6 8.
Bg5 Nf6 9. O-O-O Be7 10. Rhe1 Qa5 11. e5 Bxf3 12. gxf3 dxe5 13. Rxe5 Qb4 14.
Qe3 Qc4 15. Kb1 O-O 16. Ne4 Rfc8 17. c3 Nd5 18. Qd4 Qxd4 19. Rxd4 Bf8 20. Bh4
b5 21. Nd2 Bc5 22. Rd3 Bd6 23. Rexd5 exd5 24. Rxd5 Bf4 25. Ne4 a6 26. h3 Rc6
27. Bg3 Bxg3 28. fxg3 Rf8 29. Kc2 f5 30. Nd6 g6 31. b4 Rb8 32. c4 bxc4 33. Kc3
Kf8 34. a4 Rd8 0-1

[Event "27. Open Ciutat de Montcada 2014"]
[Site "Montcada i Reixac ESP"]
[Date "2014.07.03"]
[Round "9.20"]
[White "Cuartas, Jaime Alexander"]
[Black "Capellades Subirana, Marc"]
[Result "1-0"]
[WhiteElo "2483"]
[BlackElo "2211"]
[PlyCount "47"]
[EventDate "2014.06.25"]
[EventType "swiss"]
[EventRounds "9"]
[EventCountry "ESP"]
[Source "lmi"]
[SourceDate "2014.06.25"]

1. e4 e5 2. Nf3 Nc6 3. Bb5 Nf6 4. d3 d6 5. c3 Be7 6. O-O O-O 7. Nbd2 a6 8. Ba4
b5 9. Bb3 d5 10. Re1 d4 11. cxd4 exd4 12. a3 Na5 13. e5 Ne8 14. Ba2 c5 15. Ne4
Nc7 16. Bd2 Nb7 17. Nfg5 h6 18. Qh5 Nd5 19. Nxf7 Rxf7 20. Nd6 Bxd6 21. Bxd5 Kh8
22. Bxf7 Bf8 23. Qg6 Qd7 24. e6 1-0